| 000 | 00407cam a22001571 4500 | ||
|---|---|---|---|
| 040 | _cDLC | ||
| 082 | _a519 LOW 1967 A008 Or. | ||
| 100 | 1 | _aSnedecor, George Waddel, | |
| 245 | 1 | 0 | _aStatistical methods / |
| 250 | _a6th ed | ||
| 260 |
_aAmes, Ia. : _bIowa State University Press, _cc1967 |
||
| 300 |
_axiv, 593 p. : _bill. ; _c24 cm |
||
| 650 | 0 | _aStatistics | |
| 700 | 1 | _aCochran, William G. | |
| 942 | _cEK | ||
| 999 |
_c17110 _d17110 |
||